Estrategias de Investigación Educativa / (Record no. 22777)

000 -CABECERA
fixed length control field 01110nam a22002777i 4500
003 - IDENTIFICADOR DEL NÚMERO DE CONTROL
control field AR-CdUCM
008 - DATOS DE LONGITUD FIJA--INFORMACIÓN GENERAL
fixed length control field 240201b20112011pe ||||| |||| 00| 0 spa d
040 ## - FUENTE DE LA CATALOGACIÓN
Agencia/entidad que catalogó originalmente la obra MUNICIPALIDAD PROVINCIAL DEL CUSCO
Entidad que transcribió la catalogación BIBLIOTECA MUNICIPAL DEL CUSCO
082 ## - NÚMERO DE LA CLASIFICACIÓN DECIMAL DEWEY
No. de Clasificación 370.72 / C29E
Notacion interna C29E
100 ## - ENTRADA PRINCIPAL--NOMBRE DE PERSONA
Nombre Personal Cari Mamani, Hernán M.
245 ## - MENCIÓN DE TÍTULO
Título Estrategias de Investigación Educativa /
260 ## - PUBLICACIÓN, DISTRIBUCIÓN, ETC.
Lugar de publicación, distribución, etc. Cusco :
Fecha de publicación, distribución, etc. 2011
300 ## - DESCRIPCIÓN FÍSICA
Nº de Páginas Extensión 176 páginas. :
Dimensiones 21 cm.
500 ## - NOTA GENERAL
Bibliografía Bibliografía: página 177
505 ## - NOTA DE CONTENIDO CON FORMATO
Nota de contenido formateada Diseño de la investigación científica -- Fuentes para la formulación del problema -- Formulación de hipótesis -- Metodología de la investigación -- Población y muestra de la investigación -- Investigación experimental.
650 ## - PUNTO DE ACCESO ADICIONAL DE MATERIA--TÉRMINO DE MATERIA
Descriptor Diseño de proyecto
9 (RLIN) 49404
650 ## - PUNTO DE ACCESO ADICIONAL DE MATERIA--TÉRMINO DE MATERIA
Descriptor Investigación científica
9 (RLIN) 9735
650 ## - PUNTO DE ACCESO ADICIONAL DE MATERIA--TÉRMINO DE MATERIA
Descriptor Planteamiento del problema
9 (RLIN) 49405
650 ## - PUNTO DE ACCESO ADICIONAL DE MATERIA--TÉRMINO DE MATERIA
Descriptor Justificación de la investigación
9 (RLIN) 49406
650 ## - PUNTO DE ACCESO ADICIONAL DE MATERIA--TÉRMINO DE MATERIA
Descriptor Hipótesis
9 (RLIN) 20210
650 ## - PUNTO DE ACCESO ADICIONAL DE MATERIA--TÉRMINO DE MATERIA
Descriptor Fuente de datos
9 (RLIN) 49407
650 ## - PUNTO DE ACCESO ADICIONAL DE MATERIA--TÉRMINO DE MATERIA
Descriptor Categoría conceptual
9 (RLIN) 49408
942 ## - ELEMENTOS DE PUNTO DE ACCESO ADICIONAL (KOHA)
Fuente de clasificación
Tipo de item Libros-BMC
945 ## - PROCESAMIENTO DE INFORMACIÓN LOCAL (OCLC)
Catalogador pbj
AAAA-MM-DD - Fecha de ingreso o modificacion 01-02-2024
Holdings
Estado de retiro (separado) Fuente de clasificación o esquema de estanterías Estado dañado Ubicación Sala donde se ubica Nombre de la colección Fecha de adquisición o compra Fuente de adquisición Costo, precio normal en soles Signatura topográfica Código de Barras Última vez visto (Koha) Tipo de ítem (Koha)
No     Sala Humanidades Sala Humanidades Book Cart 2024-02-01 Depósito Legal 20.00 370.72 / C29E SH0000016597 2024-02-01 Libros-BMC

Powered by Koha